| 000 | 01010nam a2200181 i 4500 | ||
|---|---|---|---|
| 001 | 153373 | ||
| 003 | ES-MaACL | ||
| 005 | 20230906205210.0 | ||
| 008 | 961128s1894 sp |||| | spa d | ||
| 040 |
_aCARM _bspa _cCCPB | SIC |
||
| 100 | 1 |
_aCuniculus _cDr. _9126671 |
|
| 245 | 1 | 0 |
_aDe las enfermedades wagnerianas de su tratamiento y de su curacion _b: Obra histórica, filosofica, médica y benéfica / _cescrita en francés... traducida al castellano y anotada por el Dr. Lapin autor de la alocucion que la precede y de la coda que le sigue. |
| 260 |
_aMantua Carpetanorum : _bM.V., _c1894 ( _fOficina de la Viuda é Hijos de Manuel Tello) |
||
| 300 |
_a21 p. ; _c19 cm. |
||
| 500 | _aEdición única de 100 ejemplares numerados. | ||
| 700 | 1 | 1 |
_aLapin _c, Dr. _9128683 |
| 852 |
_aES-MaACL _jT-723-F-2 _z-- Enc. hol., conservando la cub. original _z-- Donado por Mariano Vergara _z-- Enc. en un vol. facticio _x-- Edic.: según el catálogo de la Biblioteca del Ateneo el autor podría ser Mariano Vergara |
||
| 999 |
_c153373 _d153373 |
||